000 00332nam a2200133Ia 4500
008 150201s2008 xx 000 0 und d
082 _a615
_bE08S
100 _aSTAHL,STEPHEN M.
245 _aESSENTIALS PSYCHOPHARMACOLOGY
250 _a3RD
260 _bCAMBRIDGE UNI.
_aLONDON
_c2008
650 _aPHARMACOLOGY
942 _2ddc
_cBK
_01
999 _c1079
_d1079